000
00268nam a2200109Ia 4500
008
220216s9999 xx 000 0 und d
100
_a
Sommer John G
245
0
_a
Physical properties and their meaning
260
_b
Rubber World
_c
1996
300
_a
18-20
942
_c
JS
999
_c
64954
_d
64954